000 00718nam a2200229 4500
003 OSt
005 20240716012621.0
006 a
008 240716b |||||||| |||| 00| 0 eng d
020 _a9789712344909
040 _aDWCL-Main lib.
_cOC
082 _22009 edition
_aFil. 343.053 D346l 2009
100 _aDe Leon, Hector M. Jr.
245 _aThe law on transfer and business taxation with illustrations, problems and solutions /
250 _a2009 edition
260 _aManila :
_bRex Book Store,
_cc2009.
300 _axxxii,
_b668 p. ;
_c22 cm.
504 _aIncludes index.
650 _a1. Inheritance and transfer tax.
650 _a2. Taxation.
942 _2ddc
_n0
_cBK - FIL
_e2009 edition
_kFil.
999 _c2222
_d2222